000 00767cam a2200253 a 4500
001 18925649
005 20180315085401.0
008 160105s2015 maua b 001 0 eng d
010 _a 2015509193
020 _a9781457652738
020 _a1457652730
035 _a(OCoLC)ocn919758244
040 _aSST
_cSST
_dOCLCO
_dYDXCP
_dBTCTA
_dBDX
_dOCLCF
_dDLC
041 _aeng
042 _alccopycat
080 _a37 TAR
100 1 _a25
101 _aEDU
245 1 0 _aInformed choices :
_cTara Lockhart, Mark Roberge.
504 _aIncludes bibliography (pages 275-277) and index.
906 _a7
_bcbc
_ccopycat
_d2
_encip
_f20
_gy-gencatlg
942 _2ddc
_cBK
999 _c45148
_d45148